000 00981cam a2200289 a 4500
001 15365716
003 0
005 20170201151238.0
008 080714s2009 nyu b 000 0 eng
020 _a9780205536412
040 _aDLC
_cspu
050 0 0 _aPE1404
_b.B77 2009
100 1 _aBryant, Lizbeth.
245 1 0 _aEssays on writing /
_cLizbeth A. Bryant, Heather M. Clark.
260 _aNew York :
_bLongman,
_c2009.
300 _axii, 212 p. ;
_c21 cm.
490 1 _aLongman topics reader
504 _aIncludes bibliographical references.
650 0 _aEnglish language
_xComposition and exercises
_xStudy and teaching (Higher)
650 0 _aEnglish language
_xRhetoric
_xStudy and teaching (Higher)
650 0 _aReport writing
_xStudy and teaching (Higher)
650 0 _aCollege prose.
700 1 _aClark, Heather,
_d1973-
830 0 _aLongman topics.
856 4 1 _3Table of contents only
_uhttp://www.loc.gov/catdir/toc/fy0904/2008030614.html
942 _2lcc
_cBK
999 _c48380
_d48380